| 000 | 01357cam a22001814a 4500 | ||
|---|---|---|---|
| 005 | 20250605164150.0 | ||
| 008 | 250528s ||||||||||||||||||||||||d | ||
| 035 | _a19352 | ||
| 040 |
_aGR-AtMCL _bgre _dGR-AtMCL _eAACR2 |
||
| 245 | 1 | _aΤο Πανόραμα του Παγκοσμίου Τουρισμού | |
| 260 |
_bΙνστιτούτο Τουριστικών Ερευνών Και Προβλέψεων, _c1998 |
||
| 300 | _a234 | ||
| 520 | _aΟ Τομέας του Τουρισμού ως Τομέας Οικονομικής Δραστηριότητας, Το Μέγεθος του Παγκοσμίου Τουρισμού και η Γεωγραφική Κατανομή του, Τουριστική Ανάπτυξη: Οικονομία και Περιβάλλον και Κοινωνία και Πολιτισμός, Η Δυναμική του Διεθνούς Παγκοσμίου Τουρισμού, Προοπτικές του Διεθνούς Τουρισμού κατά την Προσεχή Δεκαετία, Ανακεφαλαίωση: Διαπιστώσεις και Προβλέψεις και Συμπεράσματα, Περιεχόμενα Πινάκων και Διαγραμμάτων, Βιβλιογραφία. | ||
| 700 | 1 |
_aΠαυλόπουλος Παναγιώτης Γ _95601 |
|
| 942 | _cBK | ||
| 999 |
_c4610 _d4610 |
||